000 00889nas a2200301 4500
001 BR0704259
003 BR-BrBNA
005 20231205111059.0
007 ta
008 230509b bl.|||p| |||| 00| 00por d
040 _aBR-BrBNA
_bpor
_cBiblioteca Nacional de Agricultura
041 _a(Pt)
072 _aH10
100 1 _aCamillo, M.F.
100 1 _aOliveira, J.R.G. di
100 1 _aBueno, A.F. de
100 1 _aBueno, R.C.O. de
245 1 _aTratamento de sementes na cultura do milho para o controle de Spodoptera frugiperda (J.E.Smith)
650 _aTRATAMENTO DE SEMENTE
650 _aMILHO
650 _aCONTROLE QUÍMICO
650 _aINSETICIDA
650 _aLAGARTA
650 _aINSETO
773 0 _tEcossistema (Brazil)
_xISSN 0100-4107
_g(Jan-Dec 2005), v. 30(1-2) p. 59-63
_wBR0704259
909 _a202311
_bLúcia
_c55
_dLúcia Elande
942 _2AGRIS
_n0
_cANA
999 _c190533
_d190533